000 00561nam a2200193 i 4500
001 104918
003 ES-MaACL
005 20230906183726.0
007 t|
008 060529s1865 fr ||||1| fre d
080 _a792.5(091)
100 1 _aThurner, Auguste.
_9110188
245 1 4 _aLes transformations de l'opera-comique /
_cpar A. Thurner.
260 _aParis :
_bCastel,
_c1865.
300 _aIII, 288 p. ;
_c18 cm.
500 _aBiblioteca Jacinto Martínez Lacalle.
650 1 4 _aOpereta-
_xHistoria.
_915718
852 _aES-MaACL
_jE-11322
_bR.139005
999 _c104918
_d104918